000 00295nam a2200109 a 4500
005 20210219152804.0
008 991125n dis 000 0 spa u
035 _aUPN01000061267
245 0 0 _aPARADIGMAS EDUCATIVOS, EDUCACION Y LEGISLATURA
260 _aDistrito Federal,Mexico
905 _aRevista
999 _c60867
_d60867